European Countries by Sheep population - Statistics

General Stats
  • This quiz has been taken 37 times
  • The average score is 6 of 7
Answer Stats
Population Answer % Correct
33.1 million United Kingdom
100%
14.5 million Spain
97%
6.6 million France
94%
6.4 million Italy
94%
19.1 million Russia
89%
7.4 million Greece
81%
10.2 Million Romania
81%
No matching quizzes found
Score Distribution
Percent of People with Each Score
Percentile by Number Answered
Your Score History
You have not taken this quiz